| 000 | 00686nam a22002057a 4500 | ||
|---|---|---|---|
| 005 | 20150810112122.0 | ||
| 010 | _aENG-113641 | ||
| 020 |
_a9781138795679 _c850.00 |
||
| 035 | _aEN-97173 | ||
| 037 | _bDBAD/PUB | ||
| 082 | _a335.43 | ||
| 245 |
_aMarxim : _cedited by Amiya Kumar Bagchi [and] Amita Chatterjee _bwith the beyond Marx / |
||
| 260 |
_aNew Delhi _bRoutledge _c2014 |
||
| 270 |
_a912 Tolstoy House, 15-17 Tolstoy Marg, Connaught Place _bNew Delhi _e110001 |
||
| 300 |
_axxiii,279p. _c23cm(Hb) |
||
| 500 | _aIncludes bibliographical references and index | ||
| 700 | _aBagchi, Amiya Kumar | ||
| 700 | _aChatterjee, Amita | ||
| 942 |
_2ddc _cEN _mMAR _h335.43 |
||
| 999 |
_c95187 _d95187 |
||